Statistics for Top 10 largest European Countries

Click here to take the quiz!

General Stats

  • This quiz has been taken 38 times
    (14 since last reset)
  • The average score is 10 of 10

Answer Stats

HintAnswer% Correct
#2France
100%
#6Germany
100%
#9Italy
100%
#8Poland
100%
#3Spain
100%
#4Sweden
100%
#7Finland
91%
#1Ukraine
91%
#10United Kingdom
91%
#5Norway
82%

Score Distribution

Percentile by Number Answered

Percent of People with Each Score

Your Score History

You have not taken this quiz since the last reset